|
|
|
|
| LEADER |
00000cas a2200000 a 4500 |
| 001 |
vtls010211093 |
| 003 |
SK-MaSNL |
| 005 |
20260228161157.0 |
| 008 |
110214d19681989xo wr ne 0 b0hun |
| 040 |
|
|
|a SVKBB
|b slo
|c SVKBB
|d SNK
|e AACR2
|
| 041 |
0 |
|
|a hun
|a slo
|
| 043 |
|
|
|a e-xo---
|
| 044 |
|
|
|a xo
|c SK
|
| 072 |
|
7 |
|a 316.7
|x Sociológia kultúry. Kultúrny život
|2 konspekt
|
| 072 |
|
7 |
|a 394
|x Verejný a spoločenský život. Každodenný život
|2 konspekt
|
| 072 |
|
7 |
|a 352/354
|x Stupne miestnej, oblastnej a ústrednej správy
|2 konspekt
|
| 080 |
|
|
|a 316.728
|2 2011
|
| 080 |
|
|
|a (051)+(054)(437.6)
|2 2011
|
| 080 |
|
|
|a 394
|2 2011
|
| 080 |
|
|
|a 353.9
|2 2011
|
| 080 |
|
|
|a (437.672)
|2 2011
|
| 245 |
0 |
0 |
|a Zempléni szó
|b a JPB és JNB hetilapja
|
| 246 |
1 |
1 |
|a Slovo Zemplína
|
| 260 |
|
|
|a Trebišov
|b OV KSS Trebišov
|c 1968-1989
|
| 300 |
|
|
|a 22 zv.
|c 46 cm
|
| 310 |
|
|
|a 1x týždenne
|
| 362 |
0 |
|
|a 9 (1968)-30 (1989)
|
| 500 |
|
|
|a Ďalší podnázov: Orgán OV KSS, ONV a VPS V Trebišove
|
| 500 |
|
|
|a Ďalší podnázov: A Trebišovi iárási pártbizottság és a járási nemzeti bizottság hetilapja
|
| 546 |
|
|
|a Text aj v slov.
|
| 650 |
0 |
7 |
|a každodenný život
|2 SNKPH
|9 4946
|
| 650 |
0 |
7 |
|a územná samospráva
|2 SNKPH
|9 802
|
| 651 |
|
7 |
|a Zemplín (Slovensko : región)
|2 SNKPHgeo
|9 16697
|
| 655 |
|
7 |
|a regionálne periodiká
|2 SNKPH
|9 131775
|
| 775 |
0 |
|
|t Slovo Zemplína
|
| 780 |
0 |
0 |
|t Dél-Zempléni élet
|
| 785 |
0 |
0 |
|t Dél-Zempléni Változások
|w vtls010211043
|
| 910 |
|
|
|a snk
|
| 958 |
|
|
|a OND
|
| 999 |
|
|
|c 4572
|d 6502
|
| 952 |
|
|
|0 0
|1 0
|4 0
|7 0
|a SNK
|b SNK
|d 2000-09-08
|l 0
|o snkČSA 902/12/1971
|p 17A0250278
|r 2005-01-02 00:00:00
|t č. 19-52
|w 2026-02-21
|y PREZ
|